Oravský hrad

Salvato in:
Dettagli Bibliografici
Autore principale: Huba, Peter (Autore)
Natura: Libro
Pubblicazione: Martin : Osveta, 1986
Soggetti:
Tags: Aggiungi Tag
Nessun Tag, puoi essere il primo ad aggiungerne!!

MARC

LEADER 00000nam a22000003a 4500
001 stu127507
005 20150617225904.3
008 061005s1986----------------------------d
040 |a STU  |b slo 
041 0
100 1 |a Huba, Peter  |4 aut 
245 1 |a Oravský hrad 
260 |a Martin :  |b Osveta,  |c 1986 
300 |a 134 s 
650 7 |a Oravský hrad  |2 stusub 
650 7 |a hrady  |2 stusub 
650 7 |a Slovensko-dejiny  |2 stusub 
996 |b 284AU03166  |c A*4795 U  |l AAKNAR  |s A  |a 24  |w stu127507_0001